|
|
|
|
| LEADER |
00000nam0a2200000 4500 |
| 001 |
329412 |
| 005 |
20231102004146.0 |
| 035 |
|
|
|a (RuTPU)RU\TPU\book\355172
|
| 090 |
|
|
|a 329412
|
| 100 |
|
|
|a 20170314d1959 km y0rusy50 ca
|
| 101 |
0 |
|
|a rus
|
| 102 |
|
|
|a RU
|
| 105 |
|
|
|a a z 001zy
|
| 200 |
1 |
|
|a Испытания и эксплуатация электромуфт скольжения
|f Н. И. Кузнецов
|
| 210 |
|
|
|a Москва
|a Ленинград
|c Госэнергоиздат
|d 1959
|
| 215 |
|
|
|a 103 с.
|c ил.
|
| 320 |
|
|
|a Библиогр.: с. 101
|
| 606 |
1 |
|
|a Муфты электромагнитные
|x Испытание
|x Эксплуатация
|2 stltpush
|3 (RuTPU)RU\TPU\subj\44622
|9 63932
|
| 610 |
1 |
|
|a электромуфты
|
| 610 |
1 |
|
|a эксплуатация
|
| 610 |
1 |
|
|a конструкция
|
| 610 |
1 |
|
|a приводы
|
| 610 |
1 |
|
|a экскаваторы
|
| 610 |
1 |
|
|a проектирование
|
| 610 |
1 |
|
|a технические условия
|
| 610 |
1 |
|
|a расчеты
|
| 610 |
1 |
|
|a муфты скольжения
|
| 675 |
|
|
|a 621.825.038
|v 4
|
| 700 |
|
1 |
|a Кузнецов
|b Н. И.
|g Николай Иванович
|
| 801 |
|
1 |
|a RU
|b 63413507
|c 20170314
|
| 801 |
|
2 |
|a RU
|b 63413507
|c 20170316
|g RCR
|
| 942 |
|
|
|c BK
|